00570nmm a2200169Ia 4500008004100000020001800041041000800059100003400067245008400101264005800185300001800243490003500261650002900296856005100325942000700376999001700383251105s9999||||xx |||||||||||||||||und|| a9788484892038 aspa aSánchez Aguirreolea, Daniel 0aEl bandolero y la frontera :b Un caso significativo: Navarra, siglos XVI-XVIII a[Madrid, España] :bIberoamericana Vervuert, c2006 a372 páginas aBiblioteca Áurea Hispánica aHistory of Europe: Spain uhttps://public.digitaliapublishing.com/a/15399 cCF c86545d86545